Camman18 Quiz - Statistics

General Stats
  • This quiz has been taken 34 times
  • The average score is 7 of 15
Answer Stats
Hint Answer % Correct
What type of Minecraft wood does camman18 hate? Birch
100%
What platform does camman18 stream on? Twitch
88%
What Minecraft transportation system does camman18 wish were faster? Minecart
84%
What YouTuber did camman18 beef with named Eugene? Preston
84%
What year was camman18's first short posted? 2021
68%
What year was camman18 born? 2003
52%
What state does camman18 live in? Texas
40%
What is camman18's second channel? camman18 VODS
36%
What Minecraft YouTuber was in camman18's first long-form video? AntVenom
28%
Who was featured in old camman18 shorts? AyoDen
28%
What is camman18's third channel? camman18 Secret
28%
What Regular Show character does camman18's TikTok audience think he sounds like? Mordecai
24%
Who did the video for camman18's short when his power went out? Jimdoga
16%
What is camman18's new Chick-Fili-A order? Spicy chicken sandwich with pepper jack cheese
4%
What is camman18's old Chick-Fil-A order? Spicy chicken sandwich with no pickles
0%
No matching quizzes found
Score Distribution
Percent of People with Each Score
Percentile by Number Answered
Your Score History
You have not taken this quiz